The Code (Nemo) - paroles - Statistiques

Statistiques générales
  • Ce quiz a été pris 61 fois
  • Le résultat moyen est 173 sur 269
Statistiques - réponses
Paroles % Correct
the
100%
code
95%
I,
95%
I
95%
a
93%
broke
90%
to
90%
To
90%
my
85%
My
85%
Welcome
85%
Oh
80%
oh
80%
on
80%
show
80%
and
78%
And
78%
everybody
78%
know
78%
is
76%
so
76%
I'm
73%
went
73%
game
71%
hell
71%
it
71%
myself
71%
find
68%
Let
68%
playing
68%
This
68%
back
66%
Like
66%
like
66%
me
66%
some
66%
track
63%
Who
63%
found
59%
friend
59%
just
59%
paradise
59%
break
56%
Now
56%
story
56%
time
56%
You
56%
you
56%
bohème
54%
drink
54%
that
54%
up
54%
ammonites
51%
truth
51%
truth
51%
another
49%
cup
49%
gave
49%
life
49%
done
46%
tell
46%
where
46%
about
44%
About
44%
better
41%
between
41%
buckle
41%
chains
41%
mind
41%
pour
41%
come
39%
I'll
39%
kingdom
39%
of
39%
out
39%
Somewhere
39%
drum
37%
ones
37%
O's
37%
heart
34%
That's
34%
all
32%
burning
32%
fright
32%
It's
32%
much
32%
tale
32%
woah
32%
beats
29%
Everything
29%
feel
29%
good
29%
got
29%
highs
29%
right
29%
bad
27%
hold
27%
lows
27%
taste
27%
tight
27%
wrong
27%
night
24%
than
24%
what's
24%
decides
22%
bigger
20%
everything's
20%
pumped
20%
awake
17%
balance
17%
been
17%
getting
15%
light
15%
psyched
15%
hyped
10%
Aucun quiz correspondant
Distribution des résultats
% des personnes avec chaque résultat
Percentile par nombre de réponses
Votre historique - résultats
Vous n’avez pas pris ce quiz